The Power of Your Subconscious Mind/ (Record no. 212907)

MARC details
000 -LEADER
fixed length control field 00540nam a2200193 4500
005 - DATE AND TIME OF LATEST TRANSACTION
control field 20250806150900.0
010 ## - LCCN (DPL NO)
LC control number ENG-146407
020 ## - INTERNATIONAL STANDARD BOOK NUMBER
International Standard Book Number 9789392210938
Terms of availability 299.00
035 ## - SYSTEM CONTROL NUMBER
System control number EN-129939
037 ## - SOURCE OF ACQUISITION
Source of stock number/acquisition DBAD
082 ## - DEWEY DECIMAL CLASSIFICATION NUMBER
Classification number 155.2
100 ## - MAIN ENTRY--PERSONAL NAME
Personal name Murphy, Joseph
245 ## - TITLE STATEMENT
Title The Power of Your Subconscious Mind/
Statement of responsibility, etc Joseph Murphy
250 ## - EDITION STATEMENT
Edition statement 1
260 ## - PUBLICATION, DISTRIBUTION, ETC. (IMPRINT)
Place of publication, distribution, etc Chandigarh
Name of publisher, distributor, etc The Browser
Date of publication, distribution, etc 2025
270 ## - ADDRESS
Address SCO-14,15, Sector 8-C
City Chandigarh
Postal code 160009
300 ## - PHYSICAL DESCRIPTION
Extent 216p.
Dimensions 20cm(pb)
942 ## - ADDED ENTRY ELEMENTS (KOHA)
Source of classification or shelving scheme Dewey Decimal Classification
Item type English Books
Classification part 155.2
Call number suffix MUR
Holdings
Withdrawn status Lost status Not for loan Collection code Home library Current library Date acquired Source of acquisition Cost, normal purchase price Full call number Barcode Copy number Cost, replacement price Koha item type
    Not For Loan Non-fiction D.B.Act.Division D.B.Act.Division 06/08/2025 Delivery of Books Act Division 299.00 155.2 MUR EN-129939 1 299.00 English Books

© Delhi Public Library
Hit Counter
free hit counter